Európske hospodárstvo základy

Guardado en:
Detalles Bibliográficos
Autor principal: Redor, Dominique
Otros Autores: Přívarová, Magdaléna, 1955-
Formato: Libro
Lenguaje:eslovaco
Publicado: Bratislava Vydavateľská ekonomická agentúra 2001
Materias:
Etiquetas: Agregar Etiqueta
Sin Etiquetas, Sea el primero en etiquetar este registro!

MARC

LEADER 00000nam$a2200000$$$4500
001 0070856
005 20221207102929.8
020 |a 80-967782-3-4 
041 0 |a slo 
044 |a SK 
245 1 0 |a Európske hospodárstvo  |b základy  |c Dominique Redor ; preklad: Magdaléna Přívarová 
264 1 |a Bratislava  |b Vydavateľská ekonomická agentúra  |c 2001 
300 |a 176 s. 
610 2 0 |a integrácia ekonomická medzinárodná 
610 2 0 |a obchod 
610 2 0 |a trh 
610 2 0 |a únie colné 
610 2 0 |a únie menové 
610 2 0 |a organizácie hospodárske 
610 2 0 |a organizácie medzinárodné 
610 2 0 |a zmluvy medzinárodné 
610 2 0 |a politika hospodárska 
610 2 0 |a politika priemyselná 
610 2 0 |a konkurencia 
610 2 0 |a politika poľnohospodárska 
610 2 0 |a politika regionálna 
610 2 0 |a rozpočty 
610 2 0 |a obchod zahraničný 
610 2 0 |a investície 
610 2 0 |a zdroje ľudské 
610 2 0 |a politika štruktúrna 
610 2 0 |a úroveň životná 
610 2 0 |a Európska únia 
610 2 0 |a Európska menová únia 
100 1 |a Redor, Dominique 
700 1 |a Přívarová, Magdaléna, 1955-